| Tag |
First Indicator |
Second Indicator |
Subfields |
| LEADER |
00000cam a2200000 i 4500 |
| 001 |
in00004165021 |
| 005 |
20211120104646.0 |
| 006 |
m o d f |
| 007 |
cr ||||||||||| |
| 008 |
200403s1980 miu o f000 0 eng c |
| 035 |
|
|
|a (OCoLC)on1148475416
|
| 042 |
|
|
|a pcc
|
| 043 |
|
|
|a n-us---
|
| 040 |
|
|
|a GPO
|b eng
|e rda
|e pn
|c GPO
|d MvI
|
| 049 |
|
|
|a WWW
|
| 074 |
|
|
|a 0431-I-01 (online)
|
| 086 |
0 |
|
|a EP 1.2:EV 1/30
|
| 088 |
|
|
|a EPA-AA-TEB-511-80-6
|
| 245 |
0 |
0 |
|a EPA evaluation of the "W/A WAAG-injection system".
|
| 246 |
3 |
|
|a Environmental Protection Agency evaluation of the "W/A WAAG-injection system"
|
| 264 |
|
1 |
|a Ann Arbor, MI :
|b Test and Evaluation Brach, Emission Control Technology Division, Office of Mobile Source Air Pollution Control, U.S. Environmental Protection Agency,
|c 1980.
|
| 300 |
|
|
|a 1 online resource (13 pages)
|
| 336 |
|
|
|a text
|b txt
|2 rdacontent
|
| 337 |
|
|
|a computer
|b c
|2 rdamedia
|
| 338 |
|
|
|a online resource
|b cr
|2 rdacarrier
|
| 500 |
|
|
|a "EPA-AA-TEB-511-80-6."
|
| 500 |
|
|
|a "October 1980."
|
| 588 |
|
|
|a Description based on online resource; title from PDF title page (EPA, viewed on March 25, 2020).
|
| 650 |
|
0 |
|a Automobiles
|x Motors
|x Exhaust gas
|z United States.
|
| 650 |
|
0 |
|a Automobiles
|z United States
|x Motors
|x Fuel injection systems.
|
| 650 |
|
0 |
|a Automobiles
|z United States
|x Pollution control devices.
|
| 650 |
|
0 |
|a Automobiles
|z United States
|x Fuel consumption.
|
| 710 |
1 |
|
|a United States.
|b Environmental Protection Agency.
|b Office of Mobile Source Air Pollution Control.
|b Emission Control Technology Division.
|b Test and Evaluation Branch,
|e issuing body.
|
| 776 |
0 |
8 |
|i Print version:
|t EPA evaluation of the "W/A WAAG-injection system"
|w (OCoLC)785618495
|
| 856 |
4 |
0 |
|u https://purl.fdlp.gov/GPO/gpo134615
|t 0
|
| 999 |
f |
f |
|s 04079e98-2d91-3536-87c5-3d27de3121c1
|i 3d45b835-93db-3649-a67d-c29a2b25228a
|t 0
|
| 952 |
f |
f |
|a Texas A&M University
|b College Station
|c Electronic Resources
|d Available Online
|t 0
|e EP 1.2:EV 1/30
|h Superintendent of Documents classification
|
| 998 |
f |
f |
|a EP 1.2:EV 1/30
|t 0
|l Available Online
|